018_ Personnalités nées un 18 janvier par images - Statistiques

Statistiques générales
  • Ce quiz a été pris 37 fois
  • Le résultat moyen est 2 sur 9
Statistiques - réponses
Par images Hint Réponse % Correct
Animatrice Valérie Damidot
95%
Catcheur Dave Bautista
41%
Écrivain Montesquieu
41%
Footballeuse Aitana Bonmati
38%
Éditeur Gaston Gallimard
16%
Actrice Alison Arngrim
3%
Réalisateur John Boorman
3%
Athlète Ville Ritola
3%
Astronaute Jeffrey Nels Williams
0%
Aucun quiz correspondant
Distribution des résultats
% des personnes avec chaque résultat
Percentile par nombre de réponses
Votre historique - résultats
Vous n’avez pas pris ce quiz